Code Lyoko les monstres de X.A.N.A. en image - Statistiques

Statistiques générales
  • Ce quiz a été pris 91 fois
  • Le résultat moyen est 9 sur 15
Statistiques - réponses
Par images Réponse % Correct
Krabe
97%
Méduse
93%
Manta
80%
Rampant
77%
Tarentule
74%
Block
70%
Kolosse
66%
Mégatank
66%
Kankrelat
65%
Frôlion
46%
Rekin
41%
Gardien
39%
Manta noire
36%
Kongre
32%
Kalamar
28%
Aucun quiz correspondant
Distribution des résultats
% des personnes avec chaque résultat
Percentile par nombre de réponses
Votre historique - résultats
Vous n’avez pas pris ce quiz